[Event "84th ESP-ch 2019"]
[Site "Marbella"]
[Date "2019.11.16"]
[Round "1.1"]
[White "Vallejo Pons, Francisco"]
[Black "Guillo Longares, Cecilia"]
[Result "1-0"]
[WhiteElo "2694"]
[BlackElo "2100"]
[Annotator "TA"]
[PlyCount "93"]
[EventDate "2019.11.16"]
[EventType "swiss"]
[EventCountry "ESP"]
[SourceTitle "playchess.com"]
[Source "ChessBase"]
[SourceQuality "1"]

{[%evp 20,93,50,45,36,23,56,56,68,25,44,32,96,83,89,79,99,93,164,147,164,153,603,597,568,549,606,350,356,348,299,241,241,241,234,234,248,241,241,241,241,241,241,227,227,219,212,212,212,212,382,212,2075,813,1727,1542,2813,2782,3170,2576,29971,1602,29974,29975,29974,29975,29975,29976,29987,29988,29988,29989,29989,29990,29992,29993]} 1. d4 Nf6 2. Nf3 g6 3. c4 c5 4. d5 d6 5. Nc3 Bg7 6. e4 O-O 7. h3 e6 8. Bd3 exd5 9. exd5 Re8+ 10. Be3 Nbd7 11. O-O a6 {E90: King's Indian: Classical: Early deviations and 6 h3} 12. Qd2 (12. a4 Nh5 13. Bg5 f6 14. Bh4 Bh6 15. Re1 Rxe1+ 16. Qxe1 Qf8 17. a5 Rb8 18. Ne4 Bf4 19. g4 g5 20. Bg3 Nxg3 21. fxg3 {1-0 (44) Kuzubov,Y (2644)-Ivanisevic,I (2616) Germany 2019}) 12... Nh5 13. Rae1 $146 ({Predecessor:} 13. Bg5 Qc7 14. Rae1 Ne5 15. Nxe5 Bxe5 16. g4 Ng7 17. Ne4 Bd7 18. Bf6 {1-0 (18) Herrera,J (2265)-Becerra,J (2323) Medellin 2017}) 13... Ne5 {Hoping for ...Nxf3+.White is slightly better.} 14. Nxe5 Bxe5 15. f4 Bg7 {[#]} ({Better is} 15... Bf6 $14) 16. g4 $1 $36 {[%mdl 2048] Keeping Black busy.} Nf6 17. f5 b5 18. fxg6 fxg6 (18... hxg6 $16 {keeps fighting.} 19. cxb5 axb5) 19. Bg5 Rxe1 20. Qxe1 ({Much less strong is} 20. Rxe1 $6 bxc4 21. Bxc4 Qf8 $14) 20... bxc4 $2 {[#]} (20... Qe8 $16) 21. Bxg6 $1 $18 {[%mdl 512]} hxg6 22. Ne4 Ra7 {intending ...Rf7.} 23. Nxf6+ Bxf6 24. Rxf6 ({Weaker is} 24. Bxf6 Qf8 $16) 24... Rg7 25. Rxg6 Qd7 26. Rxg7+ Qxg7 27. Qe8+ Qf8 28. Qg6+ Qg7 {[#]} 29. Qxg7+ $1 Kxg7 {[%mdl 4096] Endgame KB-KB} 30. Be7 Bb7 31. Bxd6 Bxd5 32. Bxc5 Kf6 33. Kf2 Ke5 34. Ke3 Kf6 $2 (34... Bc6 {was worth a try.} 35. Bd4+ Ke6) 35. Kf4 (35. h4 $142) 35... Bf7 $2 (35... Bg2 36. h4 Bf1 37. Bd4+ Kf7) 36. Bd4+ (36. h4 $142 a5 37. Bd4+ Kg6 38. Bc3) 36... Kg6 37. h4 Be8 38. h5+ Kh6 39. Bc3 Bd7 40. Bd2 (40. Kg3 $142 Kg5 41. Bd2+ Kf6 42. Kf4 Kf7 43. Bc3 Kg8 44. g5 Kh7 45. Kg3) 40... Be8 41. Kg3+ {White mates.} Kg7 42. Bc3+ Kg8 43. Kh4 Bc6 44. g5 Be4 45. g6 Bb1 46. Kg5 Bxa2 47. h6 {Accuracy: White = 76%, Black = 27%.} 1-0

[Event "84th ESP-ch 2019"]
[Site "Marbella"]
[Date "2019.11.16"]
[Round "1.2"]
[White "Carbonell Bofill, Carlos Eloy"]
[Black "Anton Guijarro, David"]
[Result "0-1"]
[WhiteElo "2098"]
[BlackElo "2686"]
[Annotator "TA"]
[PlyCount "90"]
[EventDate "2019.11.16"]
[EventType "swiss"]
[EventCountry "ESP"]
[SourceTitle "playchess.com"]
[Source "ChessBase"]
[SourceQuality "1"]

{[%evp 9,90,6,16,-21,-23,-40,-39,-35,-26,-67,-65,-72,-72,-95,-64,-130,-121,-136,-129,-139,-151,-228,-217,-242,-248,-225,-110,-102,-134,-304,-288,-300,-287,-275,-67,-79,0,-2,0,-10,74,25,20,-64,-65,-485,-481,-461,-499,-501,-483,-500,-500,-481,-497,-441,-300,-395,-433,-413,-402,-372,-375,-904,-924,-900,-897,-887,-881,-809,-782,-969,-958,-1457,-1426,-2468,-2421,-2395,-2282,-2468,-2376,-2001,-1933]} 1. d4 Nf6 2. g3 c5 3. d5 b5 4. a4 (4. c4 bxc4 5. Nc3 d6 6. Nf3 g6 7. Nd2 Bg7 8. Nxc4 O-O 9. Bg2 Ba6 10. Qa4 Qd7 11. Qxd7 Nbxd7 12. Na5 {1-0 (30) Stupak,K (2562)-Fedorov,A (2576) Minsk 2017}) 4... b4 5. Bg2 d6 6. a5 {A45: Trompowsky Attack} g6 7. e4 $146 ({Predecessor:} 7. Nf3 Bg7 8. O-O O-O 9. Nfd2 Ba6 10. Re1 Nbd7 11. h3 Rb8 12. c4 bxc3 13. Nxc3 Ne8 14. Bf1 Qc8 15. Qc2 Nc7 16. Kh2 Bxc3 17. bxc3 Nxd5 {0-1 (40) Dimitrov,A (2290)-Arnaudov,P (2260) Shumen 1995}) 7... Nbd7 8. Nd2 {Black is slightly better.} Bg7 9. Nc4 Ba6 10. Ne3 O-O 11. h4 Re8 12. h5 (12. Nh3 $15) 12... e6 $17 ({But not} 12... gxh5 $6 13. Nf5 $11) 13. hxg6 hxg6 14. dxe6 Rxe6 15. Nh3 (15. f3 $17 {keeps fighting.}) 15... Nxe4 $19 16. Nf4 Re8 17. Nxg6 {[#]} Ndf6 (17... fxg6 18. Bxe4 Nf6 19. Bxg6 $11) (17... Qg5 $1 $19 {is more deadly.} 18. Bxe4 Rxe4) 18. Nh4 $17 d5 {White must now prevent ...d4.} 19. Bxe4 $2 (19. Nhf5 $17) 19... Rxe4 $19 ({Stronger than} 19... dxe4 20. Qxd8 Raxd8 21. Nhf5 $11) 20. f3 Re6 {And now ...d4 would win.} 21. Kf2 {[#]} Bf8 $2 (21... d4 $1 $19 {[%cal Rd4e3]} 22. Nef5 Be2 23. Qxe2 Rxe2+ 24. Kxe2 Bf8) 22. Nef5 Re2+ (22... d4 $17 {Black wants to play ...d3.} 23. Re1 Nd5) 23. Kg1 $11 Nh7 $36 {[%mdl 2048] Black fights for an advantage.} 24. Rh2 Re6 (24... Rxh2 $11 {keeps the balance.} 25. Kxh2 Qf6) 25. Bf4 Qf6 $1 26. Ne3 (26. Qc1 $11) 26... Rae8 $1 $15 27. Qd2 $2 {[%mdl 8192]} ({White should play} 27. Qc1 $15) 27... Qxb2 $19 28. Rd1 d4 29. Ng4 {If only White now had time for Nf5....} Re2 30. Qc1 Qxc1 31. Rxc1 Rxh2 32. Kxh2 Bc8 33. Nh6+ Bxh6 34. Bxh6 Nf6 35. g4 Nd5 36. Nf5 $2 (36. Ng2) 36... Bxf5 {Black is clearly winning.} 37. gxf5 {[%mdl 4096] Endgame KRB-KRN} Kh7 38. Bg5 c4 39. Kg3 f6 40. Rh1+ Kg8 41. Bc1 Re2 42. Kh4 Rxc2 43. Bh6 Kf7 44. Kg3 b3 45. Bf4 Kg7 {Accuracy: White = 29%, Black = 72%.} 0-1

[Event "84th ESP-ch 2019"]
[Site "Marbella"]
[Date "2019.11.16"]
[Round "1.3"]
[White "Shirov, Alexei"]
[Black "Lopez Guerrero, Jose Miguel"]
[Result "1-0"]
[WhiteElo "2666"]
[BlackElo "2085"]
[Annotator "TA"]
[PlyCount "25"]
[EventDate "2019.11.16"]
[EventType "swiss"]
[EventCountry "ESP"]
[SourceTitle "playchess.com"]
[Source "ChessBase"]
[SourceQuality "1"]

{[%evp 11,57,70,63,27,27,35,516,32,0,4,0,0,5,8,69,0,0,0,99,89,316,316,296,302,350,344,343,344,541,585,540,551,502,469,481,473,395,352,520,506,506,466,628,557,712,705,700,684]} 1. d4 Nf6 2. c4 e6 3. Nc3 Bb4 4. Qc2 c5 5. dxc5 Bxc3+ 6. Qxc3 Ne4 7. Qxg7 {E38: Nimzo-Indian: Classical: 4...c5} (7. Qa3 Nc6 8. Nf3 a5 9. Bd2 Qe7 10. g3 Nxc5 11. Bg2 b6 12. O-O Bb7 13. Rfd1 d6 14. Bg5 Qc7 15. Be3 O-O 16. b3 Rfd8 17. Rac1 Rd7 18. Qb2 Rad8 19. Bg5 Rc8 20. Be3 Rcd8 21. Bg5 {½-½ (21) Ernst,S (2555)-Feygin,M (2533) Netherlands 2008}) 7... Qa5+ {[%mdl 64] Double Attack} 8. Kd1 Nxf2+ {[%mdl 64] Double Attack} 9. Kc2 Rf8 10. Nh3 Nxh1 11. Ng5 $146 {Hoping for Ne4.} ({Predecessor:} 11. Bh6 Qxc5 12. e3 b6 13. Bd3 Bb7 14. Rxh1 Na6 15. Qxf8+ Qxf8 16. Bxf8 Kxf8 17. Bxh7 {1-0 (43) Thiele,E-Popp,F Germany 1957}) 11... Qxc5 12. Nxh7 {aiming for e4.} f6 (12... Qxc4+ $11 13. Kd1 Qb4) 13. e4 {Played: Bc1-e3} 1-0

[Event "84th ESP-ch 2019"]
[Site "Marbella"]
[Date "2019.11.16"]
[Round "1.4"]
[White "Medina Romero, Jose"]
[Black "Perez Candelario, Manuel"]
[Result "0-1"]
[WhiteElo "2083"]
[BlackElo "2623"]
[Annotator "ChessBase"]
[PlyCount "66"]
[EventDate "2019.11.16"]
[EventType "swiss"]
[EventCountry "ESP"]
[SourceTitle "playchess.com"]
[Source "ChessBase"]
[SourceQuality "1"]
[TimeControl "5400+30"]

1. d4 {[%emt 0:00:00]} d6 {[%emt 0:00:00]} 2. Nf3 {[%emt 0:00:00]} g6 {[%emt 0:00:00]} 3. g3 {[%emt 0:00:18]} Bg7 {[%emt 0:00:00]} 4. Bg2 {[%emt 0:00:06]} Nd7 {[%emt 0:00:00]} 5. O-O {[%emt 0:00:17]} e5 {[%emt 0:00:07]} 6. e4 {[%emt 0:01:06]} Ne7 {[%emt 0:01:28]} 7. dxe5 {[%emt 0:09:38]} dxe5 {[%emt 0:00:30]} 8. Nc3 {[%emt 0:03:28]} O-O {[%emt 0:00:17]} 9. Bg5 {[%emt 0:02:00]} h6 {[%emt 0:09:51]} 10. Bxe7 {[%emt 0:02:37]} Qxe7 {[%emt 0:00:05]} 11. Nd5 {[%emt 0:01:12]} Qd8 {[%emt 0:00:39]} 12. c4 {[%emt 0:01:36]} c6 {[%emt 0:01:50]} 13. Nc3 {[%emt 0:00:18]} Qe7 {[%emt 0:00:49]} 14. Qe2 {[%emt 0:00:48]} Nc5 {[%emt 0:00:59]} 15. h3 {[%emt 0:00:18]} a5 {[%emt 0:01:43]} 16. Rad1 {[%emt 0:04:36]} a4 {[%emt 0:02:01]} 17. Rfe1 {[%emt 0:00:32]} Be6 {[%emt 0:01:40]} 18. Bf1 {[%emt 0:00:50]} Qc7 {[%emt 0:01:34]} 19. Qc2 Qb6 {[%emt 0:04:46]} 20. Rd6 {[%emt 0:10:14]} Qb4 {[%emt 0:01:18]} 21. a3 {[%emt 0:04:34]} Qa5 22. Red1 Nb3 {[%emt 0:02:15]} 23. Kg2 {[%emt 0:10:06]} Rfe8 {[%emt 0:05:06]} 24. Na2 {[%emt 0:04:29]} Qc5 {[%emt 0:04:31]} 25. Nc3 {[%emt 0:02:59]} Nd4 {[%emt 0:05:35]} 26. R6xd4 {[%emt 0:02:14]} exd4 {[%emt 0:00:07]} 27. Nxa4 {[%emt 0:00:07]} Qh5 {[%emt 0:03:06]} 28. h4 {[%emt 0:01:24]} Bg4 {[%emt 0:01:57]} 29. Be2 {[%emt 0:00:24]} Qa5 {[%emt 0:07:35]} 30. b3 {[%emt 0:01:26]} b5 {[%emt 0:01:16]} 31. cxb5 {[%emt 0:00:26]} cxb5 {[%emt 0:00:06]} 32. Nb2 {[%emt 0:04:17]} Qc3 {[%emt 0:04:20]} 33. Qd2 {[%emt 0:02:13]} Rxa3 {[%emt 0:02:50]} 0-1

[Event "84th ESP-ch 2019"]
[Site "Marbella"]
[Date "2019.11.16"]
[Round "1.5"]
[White "Salgado Lopez, Ivan"]
[Black "Aguado Doncel, Pablo Luis"]
[Result "1-0"]
[WhiteElo "2594"]
[BlackElo "2062"]
[Annotator "ChessBase"]
[PlyCount "79"]
[EventDate "2019.11.16"]
[EventType "swiss"]
[EventCountry "ESP"]
[SourceTitle "playchess.com"]
[Source "ChessBase"]
[SourceQuality "1"]
[TimeControl "5400+30"]

1. Nf3 {[%emt 0:00:00]} d5 {[%emt 0:00:00]} 2. b3 {[%emt 0:00:00]} Nf6 {[%emt 0:00:50]} 3. Bb2 {[%emt 0:00:07]} e6 {[%emt 0:00:58]} 4. g3 {[%emt 0:01:16]} Be7 {[%emt 0:01:18]} 5. Bg2 {[%emt 0:00:10]} O-O {[%emt 0:00:42]} 6. O-O {[%emt 0:00:09]} Nbd7 {[%emt 0:01:53]} 7. c4 {[%emt 0:00:39]} b6 {[%emt 0:01:36]} 8. cxd5 exd5 {[%emt 0:00:29]} 9. Nc3 {[%emt 0:03:27]} Bb7 {[%emt 0:00:46]} 10. Rc1 {[%emt 0:00:16]} c5 {[%emt 0:04:32]} 11. d4 {[%emt 0:00:08]} Rc8 {[%emt 0:02:01]} 12. Nh4 {[%emt 0:02:52]} cxd4 {[%emt 0:21:37]} 13. Qxd4 {[%emt 0:00:58]} Nc5 {[%emt 0:06:23]} 14. Nf5 {[%emt 0:00:30]} Ne6 {[%emt 0:00:30]} 15. Qa4 {[%emt 0:10:41]} Bc6 {[%emt 0:12:26]} 16. Qh4 {[%emt 0:03:51]} Re8 {[%emt 0:12:30]} 17. Rfd1 {[%emt 0:11:55]} d4 18. Nxd4 {[%emt 0:00:30]} Ne4 {[%emt 0:15:53]} 19. Nxc6 {[%emt 0:05:01]} Bxh4 {[%emt 0:08:53]} 20. Rxd8 {[%emt 0:11:00]} Nxd8 {[%emt 0:01:12]} 21. Nxe4 {[%emt 0:01:20]} Rxc6 {[%emt 0:02:06]} 22. gxh4 {[%emt 0:01:53]} Rxc1+ {[%emt 0:00:31]} 23. Bxc1 {[%emt 0:00:08]} Ne6 {[%emt 0:00:55]} 24. Nc3 {[%emt 0:05:06]} Rc8 {[%emt 0:00:53]} 25. Bd2 {[%emt 0:00:13]} Nd4 {[%emt 0:00:49]} 26. Kf1 {[%emt 0:00:53]} b5 {[%emt 0:00:26]} 27. e3 {[%emt 0:03:16]} b4 {[%emt 0:00:49]} 28. exd4 {[%emt 0:02:04]} bxc3 {[%emt 0:00:01]} 29. Bc1 {[%emt 0:00:18]} Rd8 {[%emt 0:00:36]} 30. d5 {[%emt 0:00:49]} Rd6 {[%emt 0:00:03]} 31. Be4 {[%emt 0:04:51]} Ra6 {[%emt 0:02:03]} 32. a3 {[%emt 0:00:20]} Rb6 {[%emt 0:00:04]} 33. b4 {[%emt 0:00:38]} g6 {[%emt 0:01:18]} 34. Ke2 {[%emt 0:00:58]} f5 {[%emt 0:00:02]} 35. Bc2 {[%emt 0:01:40]} Rd6 {[%emt 0:01:06]} 36. Bb3 {[%emt 0:01:09]} a5 {[%emt 0:01:04]} 37. Bc4 {[%emt 0:00:48]} Rb6 {[%emt 0:00:42]} 38. bxa5 {[%emt 0:00:30]} Rb1 {[%emt 0:00:23]} 39. Kd1 {[%emt 0:00:17]} Kf8 {[%emt 0:00:35]} 40. Kc2 {[%emt 0:00:33]} 1-0

[Event "84th ESP-ch 2019"]
[Site "Marbella"]
[Date "2019.11.16"]
[Round "1.6"]
[White "Fernandez Montero, Francisco M."]
[Black "Santos Ruiz, Miguel"]
[Result "0-1"]
[WhiteElo "2044"]
[BlackElo "2583"]
[Annotator "ChessBase"]
[PlyCount "80"]
[EventDate "2019.11.16"]
[EventType "swiss"]
[EventCountry "ESP"]
[SourceTitle "playchess.com"]
[Source "ChessBase"]
[SourceQuality "1"]
[TimeControl "5400+30"]

1. e4 {[%emt 0:00:00]} c5 {[%emt 0:00:00]} 2. Nc3 {[%emt 0:00:00]} Nc6 {[%emt 0:00:00]} 3. f4 {[%emt 0:00:00]} g6 {[%emt 0:00:00]} 4. Nf3 {[%emt 0:00:12]} Bg7 {[%emt 0:00:01]} 5. Be2 {[%emt 0:00:51]} e6 {[%emt 0:04:32]} 6. O-O {[%emt 0:00:58]} Nge7 {[%emt 0:02:06]} 7. Qe1 {[%emt 0:01:11]} d5 {[%emt 0:02:58]} 8. d3 {[%emt 0:00:21]} b6 {[%emt 0:06:41]} 9. a4 {[%emt 0:10:42]} Nb4 {[%emt 0:07:53]} 10. Bd1 {[%emt 0:01:06]} Ba6 {[%emt 0:00:30]} 11. Nb5 {[%emt 0:06:33]} O-O {[%emt 0:11:46]} 12. Ne5 {[%emt 0:14:28]} Nbc6 {[%emt 0:11:24]} 13. Nxc6 {[%emt 0:01:06]} Nxc6 {[%emt 0:00:03]} 14. c3 {[%emt 0:01:20]} Ne7 {[%emt 0:06:59]} 15. Qh4 {[%emt 0:06:20]} Qd7 {[%emt 0:03:19]} 16. Bc2 {[%emt 0:09:54]} Bb7 {[%emt 0:05:17]} 17. Be3 {[%emt 0:02:53]} d4 {[%emt 0:03:07]} 18. Bd2 {[%emt 0:01:56]} a6 {[%emt 0:04:36]} 19. Na3 {[%emt 0:00:12]} dxc3 {[%emt 0:01:32]} 20. Bxc3 {[%emt 0:00:28]} Nc6 {[%emt 0:03:22]} 21. Rae1 {[%emt 0:14:43]} Nd4 {[%emt 0:01:02]} 22. Bd1 {[%emt 0:00:34]} b5 {[%emt 0:05:22]} 23. axb5 {[%emt 0:01:57]} axb5 {[%emt 0:00:15]} 24. Nc2 {[%emt 0:01:04]} Ra2 {[%emt 0:04:29]} 25. Qf2 {[%emt 0:05:30]} Rd8 {[%emt 0:01:14]} 26. e5 {[%emt 0:07:34]} Nxc2 {[%emt 0:04:47]} 27. Bxc2 {[%emt 0:00:34]} b4 {[%emt 0:00:43]} 28. Bb1 {[%emt 0:01:23]} Ra5 {[%emt 0:00:41]} 29. Bd2 {[%emt 0:00:13]} Bf8 {[%emt 0:00:25]} 30. Rc1 {[%emt 0:01:02]} Qd5 {[%emt 0:02:19]} 31. Be3 {[%emt 0:01:03]} Be7 {[%emt 0:00:27]} 32. Rfd1 {[%emt 0:01:19]} Rd7 {[%emt 0:01:36]} 33. Rd2 {[%emt 0:04:00]} Ra1 {[%emt 0:01:13]} 34. Qf1 {[%emt 0:02:05]} c4 {[%emt 0:04:00]} 35. dxc4 {[%emt 0:01:07]} Qxd2 {[%emt 0:00:05]} 36. Bxd2 {[%emt 0:00:14]} Bc5+ {[%emt 0:00:11]} 37. Kh1 {[%emt 0:00:35]} Rxd2 {[%emt 0:00:04]} 38. h3 {[%emt 0:01:24]} Rxb2 {[%emt 0:01:03]} 39. Bc2 {[%emt 0:01:47]} Raa2 {[%emt 0:01:00]} 40. Qd1 {[%emt 0:00:34]} b3 {[%emt 0:00:15]} 0-1

[Event "84th ESP-ch 2019"]
[Site "Marbella"]
[Date "2019.11.16"]
[Round "1.7"]
[White "Santos Latasa, Jaime"]
[Black "Jimenez Fernandez, Rebeca"]
[Result "1-0"]
[WhiteElo "2581"]
[BlackElo "2043"]
[Annotator "ChessBase"]
[PlyCount "73"]
[EventDate "2019.11.16"]
[EventType "swiss"]
[EventCountry "ESP"]
[SourceTitle "playchess.com"]
[Source "ChessBase"]
[SourceQuality "1"]
[TimeControl "5400+30"]

1. Nf3 {[%emt 0:00:00]} Nf6 {[%emt 0:00:00]} 2. c4 {[%emt 0:00:00]} c5 {[%emt 0:00:00]} 3. Nc3 {[%emt 0:00:10]} Nc6 {[%emt 0:00:00]} 4. d4 {[%emt 0:01:12]} cxd4 {[%emt 0:00:20]} 5. Nxd4 {[%emt 0:00:07]} g6 {[%emt 0:00:03]} 6. e4 {[%emt 0:00:18]} Bg7 {[%emt 0:00:05]} 7. Be3 {[%emt 0:00:32]} d6 {[%emt 0:00:20]} 8. f3 {[%emt 0:00:46]} O-O {[%emt 0:00:10]} 9. Qd2 {[%emt 0:00:21]} Bd7 {[%emt 0:00:20]} 10. Be2 {[%emt 0:01:00]} Nxd4 {[%emt 0:01:04]} 11. Bxd4 {[%emt 0:00:09]} Bc6 {[%emt 0:01:06]} 12. O-O {[%emt 0:00:17]} Nd7 {[%emt 0:01:01]} 13. Bf2 {[%emt 0:00:11]} a5 {[%emt 0:00:53]} 14. b3 {[%emt 0:00:09]} Rc8 {[%emt 0:05:06]} 15. Rab1 {[%emt 0:04:32]} Be5 {[%emt 0:04:44]} 16. a3 {[%emt 0:01:51]} e6 {[%emt 0:02:59]} 17. Bd3 {[%emt 0:03:45]} Qe7 {[%emt 0:02:13]} 18. Rfe1 {[%emt 0:02:54]} Rfd8 {[%emt 0:02:03]} 19. f4 {[%emt 0:06:32]} Bg7 {[%emt 0:00:52]} 20. b4 {[%emt 0:00:51]} axb4 {[%emt 0:04:05]} 21. axb4 {[%emt 0:00:22]} b5 {[%emt 0:01:10]} 22. cxb5 {[%emt 0:08:50]} Bxc3 {[%emt 0:01:21]} 23. Qxc3 {[%emt 0:00:06]} Bxe4 {[%emt 0:02:31]} 24. Qd2 {[%emt 0:00:29]} Bxd3 {[%emt 0:00:22]} 25. Qxd3 {[%emt 0:00:11]} Rb8 {[%emt 0:06:31]} 26. Rbd1 {[%emt 0:05:12]} Nb6 {[%emt 0:01:15]} 27. Qh3 {[%emt 0:05:35]} Qf8 {[%emt 0:10:36]} 28. Bh4 {[%emt 0:16:10]} Rdc8 {[%emt 0:02:18]} 29. f5 {[%emt 0:01:01]} e5 {[%emt 0:10:42]} 30. fxg6 {[%emt 0:01:00]} fxg6 {[%emt 0:02:45]} 31. Rf1 {[%emt 0:00:45]} Qe8 {[%emt 0:00:41]} 32. Rxd6 {[%emt 0:00:33]} Nc4 {[%emt 0:03:06]} 33. Re6 {[%emt 0:04:39]} Qxb5 {[%emt 0:02:07]} 34. Rxg6+ {[%emt 0:00:44]} hxg6 {[%emt 0:04:08]} 35. Qe6+ {[%emt 0:00:06]} Kh7 {[%emt 0:00:21]} 36. Rf7+ {[%emt 0:00:33]} Kh6 {[%emt 0:00:17]} 37. Bg5+ {[%emt 0:00:03]} 1-0

[Event "84th ESP-ch 2019"]
[Site "Marbella"]
[Date "2019.11.16"]
[Round "1.8"]
[White "Garcia De Blas, Esteban"]
[Black "Ibarra Jerez, Jose Carlos"]
[Result "0-1"]
[WhiteElo "2031"]
[BlackElo "2540"]
[Annotator "ChessBase"]
[PlyCount "60"]
[EventDate "2019.11.16"]
[EventType "swiss"]
[EventCountry "ESP"]
[SourceTitle "playchess.com"]
[Source "ChessBase"]
[SourceQuality "1"]
[TimeControl "5400+30"]

1. d4 {[%emt 0:00:00]} Nf6 {[%emt 0:00:00]} 2. c4 {[%emt 0:00:00]} c5 {[%emt 0:03:47]} 3. Nf3 {[%emt 0:00:39]} cxd4 {[%emt 0:00:59]} 4. Nxd4 {[%emt 0:00:05]} e5 {[%emt 0:01:16]} 5. Nc2 {[%emt 0:00:26]} b5 {[%emt 0:05:29]} 6. cxb5 {[%emt 0:08:27]} d5 {[%emt 0:02:03]} 7. Bg5 {[%emt 0:13:34]} Nbd7 {[%emt 0:05:33]} 8. Nc3 {[%emt 0:07:36]} d4 {[%emt 0:02:50]} 9. Nd5 {[%emt 0:12:28]} Bb7 {[%emt 0:02:31]} 10. e4 {[%emt 0:18:15]} Nc5 {[%emt 0:09:41]} 11. Bxf6 {[%emt 0:16:44]} gxf6 {[%emt 0:01:08]} 12. b6 {[%emt 0:00:29]} Bxd5 {[%emt 0:08:49]} 13. Bb5+ {[%emt 0:00:28]} Ke7 {[%emt 0:02:33]} 14. exd5 {[%emt 0:00:21]} Qxb6 {[%emt 0:09:56]} 15. Bc6 {[%emt 0:01:35]} Qa6 {[%emt 0:01:01]} 16. d6+ {[%emt 0:12:20]} Kxd6 {[%emt 0:01:45]} 17. Bxa8 {[%emt 0:00:09]} Nd3+ {[%emt 0:02:06]} 18. Kf1 {[%emt 0:00:16]} Nf4+ {[%emt 0:03:15]} 19. Ke1 {[%emt 0:00:19]} Nd3+ {[%emt 0:01:39]} 20. Kf1 {[%emt 0:00:01]} Bh6 {[%emt 0:09:48]} 21. Bb7 {[%emt 0:02:08]} Qb5 {[%emt 0:00:02]} 22. Na3 {[%emt 0:00:34]} Qxb7 {[%emt 0:00:29]} 23. Qxd3 {[%emt 0:00:09]} Rc8 {[%emt 0:01:00]} 24. b3 {[%emt 0:01:02]} Ke7 {[%emt 0:01:25]} 25. Nc4 {[%emt 0:00:33]} Qd5 {[%emt 0:01:00]} 26. Ne3 {[%emt 0:01:11]} Bxe3 {[%emt 0:00:09]} 27. fxe3 {[%emt 0:00:12]} Rc3 {[%emt 0:00:04]} 28. Qd2 {[%emt 0:02:12]} Qe4 {[%emt 0:00:31]} 29. Rc1 {[%emt 0:01:04]} Qf5+ {[%emt 0:00:22]} 30. Kg1 {[%emt 0:01:00]} dxe3 {[%emt 0:00:11]} 0-1

[Event "84th ESP-ch 2019"]
[Site "Marbella"]
[Date "2019.11.16"]
[Round "1.9"]
[White "Cuenca Jimenez, Jose Fernando"]
[Black "Boutahar Belgasi, Tarik"]
[Result "1-0"]
[WhiteElo "2523"]
[BlackElo "2027"]
[Annotator "ChessBase"]
[PlyCount "89"]
[EventDate "2019.11.16"]
[EventType "swiss"]
[EventCountry "ESP"]
[SourceTitle "playchess.com"]
[Source "ChessBase"]
[SourceQuality "1"]
[TimeControl "5400+30"]

1. c4 {[%emt 0:00:00]} Nf6 {[%emt 0:00:00]} 2. Nf3 {[%emt 0:02:28]} e6 {[%emt 0:02:06]} 3. d4 {[%emt 0:02:10]} d5 {[%emt 0:00:09]} 4. g3 {[%emt 0:00:05]} Bb4+ {[%emt 0:01:22]} 5. Bd2 {[%emt 0:00:07]} Be7 {[%emt 0:00:04]} 6. Bg2 {[%emt 0:00:14]} O-O {[%emt 0:00:52]} 7. O-O {[%emt 0:00:04]} c6 {[%emt 0:03:47]} 8. Qc2 {[%emt 0:00:05]} Nbd7 {[%emt 0:03:33]} 9. Bf4 {[%emt 0:00:59]} Re8 {[%emt 0:00:18]} 10. Rd1 {[%emt 0:01:49]} Nf8 {[%emt 0:00:37]} 11. Nc3 {[%emt 0:04:05]} Ng6 {[%emt 0:04:04]} 12. Bc1 {[%emt 0:03:09]} Bb4 {[%emt 0:16:23]} 13. a3 {[%emt 0:09:19]} Ba5 {[%emt 0:19:12]} 14. b3 {[%emt 0:05:28]} Qe7 {[%emt 0:07:54]} 15. Bb2 {[%emt 0:07:03]} Bd7 {[%emt 0:00:47]} 16. e3 {[%emt 0:05:19]} Red8 {[%emt 0:06:31]} 17. Qe2 {[%emt 0:11:33]} Rac8 {[%emt 0:06:03]} 18. b4 {[%emt 0:04:18]} Bc7 {[%emt 0:00:17]} 19. e4 {[%emt 0:00:14]} dxc4 {[%emt 0:05:29]} 20. e5 {[%emt 0:04:15]} Nd5 {[%emt 0:00:20]} 21. Qxc4 {[%emt 0:00:23]} Nxc3 {[%emt 0:00:30]} 22. Bxc3 {[%emt 0:03:02]} Be8 {[%emt 0:01:47]} 23. h4 {[%emt 0:01:53]} h6 {[%emt 0:00:43]} 24. Nd2 {[%emt 0:03:31]} Bb8 {[%emt 0:01:50]} 25. Ne4 {[%emt 0:03:58]} a6 {[%emt 0:03:56]} 26. Bd2 {[%emt 0:03:06]} Nf8 {[%emt 0:06:44]} 27. Be3 {[%emt 0:01:42]} Nh7 {[%emt 0:03:27]} 28. Bh3 {[%emt 0:02:24]} Rd5 {[%emt 0:00:20]} 29. Bg2 {[%emt 0:01:31]} Rdd8 {[%emt 0:00:10]} 30. Qc5 {[%emt 0:00:52]} Qc7 {[%emt 0:03:07]} 31. Rac1 {[%emt 0:02:39]} Rd5 {[%emt 0:01:03]} 32. Qc2 {[%emt 0:01:02]} Qe7 {[%emt 0:00:15]} 33. Nc5 {[%emt 0:04:31]} Rdd8 {[%emt 0:00:17]} 34. Qb3 {[%emt 0:01:06]} Ba7 {[%emt 0:00:15]} 35. Re1 {[%emt 0:00:28]} Rc7 {[%emt 0:01:17]} 36. Rcd1 {[%emt 0:00:44]} Bd7 {[%emt 0:01:12]} 37. Ne4 {[%emt 0:00:34]} Bc8 {[%emt 0:00:22]} 38. d5 {[%emt 0:03:04]} cxd5 {[%emt 0:00:57]} 39. Bxa7 {[%emt 0:00:20]} dxe4 {[%emt 0:00:10]} 40. Bc5 {[%emt 0:03:01]} Qe8 {[%emt 0:00:27]} 41. Rxd8 {[%emt 0:01:29]} Qxd8 {[%emt 0:00:03]} 42. Bxe4 {[%emt 0:01:17]} Rd7 {[%emt 0:00:59]} 43. Rc1 {[%emt 0:03:19]} Nf8 {[%emt 0:01:00]} 44. Bd6 {[%emt 0:00:23]} Qe8 {[%emt 0:00:40]} 45. Qc3 {[%emt 0:00:38]} 1-0